| 000 | 00625nam a22001817a 4500 | ||
|---|---|---|---|
| 005 | 20251108165340.0 | ||
| 008 | 250721s2002 xx 000 0 ara d | ||
| 082 | 1 | 4 | _a613/حجا |
| 100 | 1 | _aحجازي، أحمد | |
| 245 | 1 | 0 |
_aأجساد بلا مرض و حياة بلا هرم : _bطريقة طبيعية جديدة للصحة و الشباب الدائم / |
| 264 | 1 |
_aعمان : _bالأهلية للنشر و التوزيع، _c2002. |
|
| 300 | _a213ص. | ||
| 650 | 1 | 7 | _aالصحة العامة |
| 650 | 1 | 7 | _aالمعلومات الصحية |
| 650 | 1 | 7 | _aصحة الغذاء |
| 942 |
_2ddc _cBK |
||
| 999 |
_c25722 _d25722 |
||